Business administration : (Record no. 347717)

000 -LEADER
fixed length control field 01129 a2200181 4500
020 ## - INTERNATIONAL STANDARD BOOK NUMBER
International Standard Book Number 0435451286 (ring-bound)
020 ## - INTERNATIONAL STANDARD BOOK NUMBER
International Standard Book Number 9780435451288 (ring-bound)
090 ## - LOCALLY ASSIGNED LC-TYPE CALL NUMBER (OCLC); LOCAL CALL NUMBER (RLIN)
-- 5304
-- 5304
100 1# - MAIN ENTRY--PERSONAL NAME
Personal name Warrilow, Val.
245 10 - TITLE STATEMENT
Title Business administration :
Remainder of title simulated work activities nvq level 1 /
Statement of responsibility, etc. Val Warrilow, Carol Carysforth.
250 ## - EDITION STATEMENT
Edition statement 2nd ed.
260 ## - PUBLICATION, DISTRIBUTION, ETC.
Place of publication, distribution, etc. [S.l.] :
Name of publisher, distributor, etc. Heinemann Educational Publishers,
Date of publication, distribution, etc. 1994.
300 ## - PHYSICAL DESCRIPTION
Extent 192 p.
520 ## - SUMMARY, ETC.
Summary, etc. This photocopiable resource pack meets the current NVQ Assessment and Perfomance Criteria for Level 1. The simulations cover all the madatory and optional units in a real work place situation. All the tasks include the scene-setting, information and documentation as well as lists of equipment needed, ready-made interruptions and record-keeping checklists. Ideas are provided for giving students further opportunities to demonstrate competence and full instructions for students on how to set up and maintain a portfolio.
700 1# - ADDED ENTRY--PERSONAL NAME
Personal name Carysforth, Carol.
856 40 - ELECTRONIC LOCATION AND ACCESS
Materials specified Amazon.com
Uniform Resource Identifier <a href="http://www.amazon.com/exec/obidos/ASIN/0435451286/chopaconline-20">http://www.amazon.com/exec/obidos/ASIN/0435451286/chopaconline-20</a>
942 ## - ADDED ENTRY ELEMENTS (KOHA)
Institution code [OBSOLETE] NBS
Koha item type Book
Call number prefix 658 WAR
Holdings
Withdrawn status Lost status Source of classification or shelving scheme Damaged status Not for loan Permanent Location Current Location Date acquired Total Checkouts Full call number Barcode Date last seen Date last checked out Price effective from Koha item type
          Central Library (CL) Central Library (CL) 08/28/2013 1 658 WAR NBS170 07/02/2015 07/02/2015 08/28/2013 Book
© 2023 Central Library, National University of Sciences and Technology. All Rights Reserved.